Legendy odboru - prof. MUDr. Anton Bajan, DrSc.

Podrobná bibliografia
Hlavný autor: Krištúfek, Peter, 1945-2022 (Autor)
Médium: Článok
Jazyk:slovenčina
Fyzický popis:Fotogr.
ISSN:1335-3985
Predmet:

MARC

LEADER 00000nab a2200000 a 4500
001 vtls000843736
003 SK-MaSNL
005 20260304125853.0
008 250429c2003 xo 0 slo
015 |a SNBRB2003/08-24453 
035 |a CLN000195391 
035 |a urn:nbn:sk:snk-ab6sip 
035 |a (uuid)8980ccba-a185-47be-92eb-16fdcfb8f040 
035 |a (urnnbn)urn:nbn:sk:snk:ar-a05ndq 
035 |a (sysno)vtls000843736 
040 |a SNKBUCL  |b slo  |c SNKBUCL  |e AACR2 
041 0 |a slo 
044 |a xo  |c SK 
080 |a 61-051:616.24-002+616.233-002:929 Bajan Anton  |2 1997 
100 1 |a Krištúfek, Peter,  |d 1945-2022  |4 aut  |9 115136 
245 1 0 |a Legendy odboru - prof. MUDr. Anton Bajan, DrSc.  |c Peter Krištúfek 
300 |b Fotogr. 
600 1 7 |a Bajan, Anton,  |d 1927-2009  |2 snkbucl  |9 117001 
650 0 7 |a choroby pľúcne (špecializácia)  |x výchova a vzdelávanie  |x organizácia a riadenie  |2 MESH  |9 1439538 
650 0 7 |a bronchitída chronická  |x diagnostika  |x etiológia  |2 MESH  |9 1439539 
650 0 7 |a osobnosti významné  |2 MESH  |9 315451 
650 0 7 |a publikácie  |2 MESH  |9 19587 
650 0 7 |a biografie  |2 MESH  |9 111226 
650 0 7 |a spoločnosti lekárske  |x organizácia a riadenie  |2 MESH  |9 840650 
655 7 |a články z novín a časopisov  |2 snkbucl  |9 267496 
773 0 |t Respiro  |g Roč. 5, č. 1 (2003), s. 39-40  |x 1335-3985 
850 |a Slovenská národná knižnica 
852 |a Slovenská národná knižnica 
958 |a article27 
958 |a OND 
958 |a MI 
958 |a BX 
958 |a EUIPO 
999 |c 2894776  |d 2896706